The end of progress how modern economics has failed us /

Bibliographic Details
Main Author: Maxton, Graeme P.
Corporate Author: ProQuest (Firm)
Format: Electronic eBook
Language:English
Published: Singapore : Wiley, 2011.
Subjects:
Online Access:Click to View
LEADER 01564nam a2200373 a 4500
001 EBC693383
003 MiAaPQ
005 20200520144314.0
006 m o d |
007 cr cn|||||||||
008 111010s2011 si b sb 001 0 eng d
020 |z 9780470829981 (hardback) 
020 |z 9780470829998 (Mobi) 
020 |a 9780470830017 (electronic bk.) 
020 |a 9780470830000 (electronic bk.) 
035 |a (MiAaPQ)EBC693383 
035 |a (Au-PeEL)EBL693383 
035 |a (CaPaEBR)ebr10494502 
035 |a (CaONFJC)MIL323941 
035 |a (OCoLC)768570037 
040 |a MiAaPQ  |c MiAaPQ  |d MiAaPQ 
050 4 |a HD87  |b .M39 2011 
100 1 |a Maxton, Graeme P. 
245 1 4 |a The end of progress  |h [electronic resource] :  |b how modern economics has failed us /  |c Graeme P. Maxton. 
260 |a Singapore :  |b Wiley,  |c 2011. 
300 |a xiii, 226 p. :  |b map. 
504 |a Includes bibliographical references and index. 
505 0 |a pt. 1. Our belief in the free market failed us -- pt. 2. Running blind : we are poorly equipped to deal with these challenges -- pt. 3. The implications of these failures will be hard -- pt. 4. Light in an age of 'endarkenment'. 
533 |a Electronic reproduction. Ann Arbor, MI : ProQuest, 2015. Available via World Wide Web. Access may be limited to ProQuest affiliated libraries. 
650 0 |a Economic policy. 
650 0 |a Economics  |x History. 
655 4 |a Electronic books. 
710 2 |a ProQuest (Firm) 
856 4 0 |u https://ebookcentral.proquest.com/lib/matrademy/detail.action?docID=693383  |z Click to View